Industrial economics and organization : (Record no. 8910)

MARC details
000 -LEADER
fixed length control field 01094nac a22002651u 4500
010 ## - LIBRARY OF CONGRESS CONTROL NUMBER
LC control number 96006430
020 ## - INTERNATIONAL STANDARD BOOK NUMBER
International Standard Book Number 0077078896 (pbk. : alk. paper)
082 00 - DEWEY DECIMAL CLASSIFICATION NUMBER
Classification number 338.094
Item number JAC
090 ## - LOCALLY ASSIGNED LC-TYPE CALL NUMBER (OCLC); LOCAL CALL NUMBER (OCLC)
-- 8910
-- 8910
100 ## - MAIN ENTRY--PERSONAL NAME
Personal name Jacobson, David,
245 10 - TITLE STATEMENT
Title Industrial economics and organization :
Remainder of title a European perspective /
Statement of responsibility, etc David Jacobson and Bernadette AndreÌ?osso-O'Callaghan.
260 ## - PUBLICATION, DISTRIBUTION, ETC. (IMPRINT)
Place of publication, distribution, etc London :
Name of publisher, distributor, etc McGraw-Hill,c1996.
Date of publication, distribution, etc c1996.
300 ## - PHYSICAL DESCRIPTION
Extent ix, 367 p. ;
Dimensions 25 cm.
500 ## - GENERAL NOTE
General note Distributer: Baccah.
504 ## - BIBLIOGRAPHY, ETC. NOTE
Bibliography, etc Includes bibliographical references (p. 326-354) and index.
511 ## - PARTICIPANT OR PERFORMER NOTE
Participant or performer note Catalogued By: Mahitab.
650 #0 - SUBJECT ADDED ENTRY--TOPICAL TERM
Topical term or geographic name as entry element Industries
Geographic subdivision European Union countries.
650 #0 - SUBJECT ADDED ENTRY--TOPICAL TERM
Topical term or geographic name as entry element Industrial policy
Geographic subdivision European Union countries.
650 #0 - SUBJECT ADDED ENTRY--TOPICAL TERM
Topical term or geographic name as entry element Deregulation
Geographic subdivision European Union countries.
650 #0 - SUBJECT ADDED ENTRY--TOPICAL TERM
Topical term or geographic name as entry element Industrial location
Geographic subdivision European Union countries.
650 #0 - SUBJECT ADDED ENTRY--TOPICAL TERM
Topical term or geographic name as entry element Industrial organization
Geographic subdivision European Union countries.
650 #0 - SUBJECT ADDED ENTRY--TOPICAL TERM
Topical term or geographic name as entry element Industrial organization (Economic theory)
700 2# - ADDED ENTRY--PERSONAL NAME
Personal name Andreeosso-O'Callaghan, Bernadette,
Dates associated with a name 1959-
942 ## - ADDED ENTRY ELEMENTS (KOHA)
Item type Book - Borrowing
Call number prefix 338.094JAC
Holdings
Withdrawn status Item status Damaged status Not for loan Home library Current library Shelving location Date acquired Source of acquisition Total Checkouts Full call number Barcode Date last seen Koha item type
        Central Library Central Library First floor 30/03/2008 Purchase   338.094JAC 000010854 15/07/2025 Book - Borrowing